00222 a2200085 4500020001800000082001800018100002300036245006800059300000900127 a9789388704090 a150.72bSIN/T a Singh, Arun Kumar aTests Measurements and Research Methods in Behavioural Sciences a783p